A dictionary of nineteenth-century world history
Αποθηκεύτηκε σε:
| Άλλοι συγγραφείς: | , |
|---|---|
| Μορφή: | Βιβλίο |
| Γλώσσα: | English |
| Δημοσίευση: |
Oxford :
Blackwell,
1994
|
| Σειρά: | Blackwell reference
|
| Θέματα: | |
| Ετικέτες: |
Προσθήκη ετικέτας
Δεν υπάρχουν, Καταχωρήστε ετικέτα πρώτοι!
|
MARC
| LEADER | 00000nam a2200000 i 4500 | ||
|---|---|---|---|
| 001 | 1/94239 | ||
| 008 | 940627s1994 eng d | ||
| 020 | |a 0-631-18352-3 | ||
| 035 | |l 10009147 | ||
| 040 | |a GR-MY-UA |b gre |e aacr | ||
| 041 | 0 | |a eng | |
| 082 | 0 | |a 909.81 | |
| 245 | 1 | 2 | |a A dictionary of nineteenth-century world history / |c Edited by John Belchem and Richard Price ; Advisory Editor Richard J. Evans |
| 260 | |a Oxford : |b Blackwell, |c 1994 | ||
| 300 | |a 746 p. | ||
| 490 | 1 | |a Blackwell reference | |
| 500 | |a Includes appentix with maps, bibliographical references and index | ||
| 650 | 0 | 0 | |a History, Modern |y 19th century |x Dictionaries. |
| 700 | 1 | |a Belchem, John. |4 edt | |
| 700 | 1 | |a Price, Richard. |4 edt | |
| 830 | 0 | |a Blackwell reference | |
| 852 | |a INST |b LESVOS |e 19940627 |h 909.81 DIC |p 005100003437 |q 005100003437 |t REF |y 23 | ||
| 909 | |a Λ |b 035242 | ||